[Event "BPB Limburg open"]
[Site "Maastricht"]
[Date "2015.05.23"]
[Round "3"]
[White "Gramb, Marius"]
[Black "Bezemer, Arno"]
[Result "0-1"]
[WhiteElo "2045"]
[BlackElo "2292"]
[PlyCount "104"]
[EventDate "2015.05.22"]
[EventType "swiss"]
[EventRounds "7"]
[EventCountry "NED"]
[Source "P.Boonen"]
[SourceDate "2015.10.01"]

1. d4 Nf6 2. c4 g6 3. Nc3 d5 4. cxd5 Nxd5 5. Bd2 Nb6 6. Bg5 Bg7 7. e3 c5 8.
Bb5+ Nc6 9. Nge2 cxd4 10. Nxd4 Bd7 11. Nxc6 bxc6 12. Be2 Nd5 13. Nxd5 Qa5+ 14.
Qd2 Qxd5 15. Qxd5 cxd5 16. O-O-O Rb8 17. b3 e6 18. Bf4 Rb6 19. Kb1 O-O 20. Bg3
a5 21. Bc7 Rb7 22. Bxa5 Ra8 23. Be1 Ba4 24. Rd3 Bb5 25. Rd2 Bc4 26. Kc1 Bxb3
27. axb3 Ra1+ 28. Kc2 Rc7+ 29. Bc4 Bf6 30. Kd3 dxc4+ 31. bxc4 Ra3+ 32. Ke2 Rxc4
33. Rf1 Ra1 34. Rd1 Rc2+ 35. Bd2 Raa2 36. Kd3 h5 37. e4 Kg7 38. f4 Rcb2 39. e5
Be7 40. Rf3 Rb3+ 41. Ke2 Rbb2 42. Rd3 g5 43. Kf3 g4+ 44. Ke2 Kg6 45. h3 Bb4 46.
hxg4 hxg4 47. Rd7 Kf5 48. Rxf7+ Ke4 49. f5 Rxd2+ 50. Rxd2 Rxd2+ 51. Kf1 g3 52.
fxe6 Rd1+ 0-1

[Event "BPB Limburg open"]
[Site "Maastricht"]
[Date "2015.05.23"]
[Round "3"]
[White "Gutkind, Kedem"]
[Black "Broekmeulen, Jasper"]
[Result "0-1"]
[WhiteElo "2005"]
[BlackElo "2394"]
[PlyCount "74"]
[EventDate "2015.05.22"]
[EventType "swiss"]
[EventRounds "7"]
[EventCountry "NED"]
[Source "P.Boonen"]
[SourceDate "2015.10.01"]

1. e4 e5 2. Nf3 d6 3. d4 exd4 4. Nxd4 Nf6 5. Nc3 Be7 6. Bc4 O-O 7. O-O c6 8. a4
Re8 9. Re1 Bf8 10. Bg5 h6 11. Bh4 Nbd7 12. f4 Qa5 13. Kh1 d5 14. exd5 Rxe1+ 15.
Bxe1 Qc5 16. Bb3 Nxd5 17. Nxd5 cxd5 18. Nf3 Nb6 19. Ne5 Bf5 20. Bc3 Nc4 21. Bd4
Qc7 22. Qf3 Nd2 23. Qxd5 Be6 24. Qb5 Nxb3 25. cxb3 Rd8 26. Bc3 a6 27. Qa5 Qxa5
28. Bxa5 Rd4 29. Bc7 Bxb3 30. a5 Rxf4 31. h3 Rf2 32. Nd3 Rd2 33. Nf4 g5 34. Nh5
f5 35. Be5 Kf7 36. Nf6 Bg7 37. Rf1 Bxf6 0-1

[Event "BPB Limburg open"]
[Site "Maastricht"]
[Date "2015.05.23"]
[Round "3"]
[White "Halfhide, Sebastian"]
[Black "Martinez Reyes, Pedro Ramon"]
[Result "0-1"]
[WhiteElo "2136"]
[BlackElo "2322"]
[PlyCount "120"]
[EventDate "2015.05.22"]
[EventType "swiss"]
[EventRounds "7"]
[EventCountry "NED"]
[Source "P.Boonen"]
[SourceDate "2015.10.01"]

1. e4 c5 2. Nf3 Nc6 3. d4 cxd4 4. Nxd4 g6 5. c4 Nf6 6. Nc3 Nxd4 7. Qxd4 d6 8.
Be2 Bg7 9. Be3 O-O 10. Qd2 Be6 11. Rc1 Qa5 12. O-O Rfc8 13. b3 a6 14. f4 b5 15.
f5 Bd7 16. fxg6 hxg6 17. e5 b4 18. exf6 bxc3 19. Qxc3 Qxc3 20. Rxc3 Bxf6 21.
Rcc1 a5 22. Bf3 Bc6 23. Bxc6 Rxc6 24. Rb1 Bc3 25. a3 Rac8 26. Rfc1 Be5 27. Kf2
a4 28. bxa4 Rxc4 29. a5 Bd4 30. Rxc4 Bxe3+ 31. Kxe3 Rxc4 32. Rb7 Ra4 33. Rxe7
Rxa5 34. Rd7 Rxa3+ 35. Ke4 Ra4+ 36. Ke3 Ra6 37. h4 Kg7 38. g4 Kf6 39. h5 Ra3+
40. Ke4 Ke6 41. Rd8 g5 42. Re8+ Kf6 43. Rd8 Ra4+ 44. Kf3 Ra3+ 45. Ke4 Ke7 46.
Rg8 f6 47. Rb8 Kf7 48. Kd5 Rd3+ 49. Kc6 Rd4 50. Rb7+ Ke6 51. h6 Rc4+ 52. Kb5
Rxg4 53. h7 Rh4 54. Kc6 d5 55. Rd7 d4 56. Rd6+ Kf5 57. Rd5+ Kg6 58. Rxd4 Kxh7
59. Rd7+ Kg6 60. Kd5 Kf5 0-1

[Event "BPB Limburg open"]
[Site "Maastricht"]
[Date "2015.05.23"]
[Round "3"]
[White "Harff, Marcel"]
[Black "Perrenet, Jacob"]
[Result "0-1"]
[WhiteElo "2344"]
[BlackElo "2078"]
[PlyCount "70"]
[EventDate "2015.05.22"]
[EventType "swiss"]
[EventRounds "7"]
[EventCountry "NED"]
[Source "P.Boonen"]
[SourceDate "2015.10.01"]

1. c4 Nc6 2. g3 e5 3. Bg2 Bc5 4. a3 a5 5. e3 d6 6. Ne2 Qe7 7. Nbc3 Nf6 8. O-O
e4 9. d4 exd3 10. Nf4 O-O 11. Nxd3 Ba7 12. b3 Bg4 13. Qd2 Ne5 14. Nxe5 dxe5 15.
Bxb7 Rab8 16. Nd5 Nxd5 17. Bxd5 Rxb3 18. Qxa5 Bc5 19. Qd2 e4 20. Qc2 Rd3 21. f3
Rxd5 22. cxd5 Bxf3 23. Qc3 f5 24. Ra2 f4 25. d6 cxd6 26. gxf4 Qe6 27. Rff2 Rf6
28. Rab2 Rg6+ 29. Kf1 h6 30. Qb3 d5 31. Ke1 Kh7 32. Rbd2 Qa6 33. Rxd5 Rg1+ 34.
Kd2 Qa5+ 35. Kc2 Qe1 0-1

[Event "BPB Limburg open"]
[Site "Maastricht"]
[Date "2015.05.23"]
[Round "3"]
[White "Heinert, Eugen"]
[Black "Ernst, Sipke"]
[Result "0-1"]
[WhiteElo "2154"]
[BlackElo "2523"]
[PlyCount "54"]
[EventDate "2015.05.22"]
[EventType "swiss"]
[EventRounds "7"]
[EventCountry "NED"]
[Source "P.Boonen"]
[SourceDate "2015.10.01"]

1. d4 Nf6 2. c4 e6 3. Nf3 Bb4+ 4. Nbd2 d5 5. a3 Be7 6. e3 b6 7. b3 Bb7 8. Bd3
Nbd7 9. Bb2 O-O 10. O-O c5 11. Qe2 cxd4 12. exd4 Rc8 13. Ne5 dxc4 14. bxc4 Nxe5
15. dxe5 Nd7 16. f4 Nc5 17. Bc2 f5 18. exf6 Bxf6 19. Be5 Bxe5 20. fxe5 Qh4 21.
Rad1 Rcd8 22. Rxf8+ Rxf8 23. Nf1 Qf4 24. Ng3 Ba6 25. Nh5 Qh4 26. Ng3 Bxc4 27.
Qh5 Qxh5 0-1

[Event "BPB Limburg open"]
[Site "Maastricht"]
[Date "2015.05.23"]
[Round "3"]
[White "Henrichs, Thomas"]
[Black "Liedmann, Dennis"]
[Result "1-0"]
[WhiteElo "2471"]
[BlackElo "2157"]
[PlyCount "67"]
[EventDate "2015.05.22"]
[EventType "swiss"]
[EventRounds "7"]
[EventCountry "NED"]
[Source "P.Boonen"]
[SourceDate "2015.10.01"]

1. d4 d6 2. e4 g6 3. c4 e5 4. Nf3 Bg7 5. Nc3 c6 6. Be2 Nd7 7. O-O Ngf6 8. Be3
O-O 9. d5 c5 10. Ne1 h6 11. a3 Ne8 12. g4 f5 13. gxf5 gxf5 14. exf5 Rxf5 15.
Kh1 Nf8 16. Rg1 Kh7 17. Bd3 Nf6 18. Qf3 e4 19. Qg2 Rg5 20. Bxg5 exd3 21. Bf4
Nh5 22. Nxd3 Bf5 23. Qf3 Bxc3 24. Be5 Qd7 25. Bxc3 Ng6 26. Rae1 b5 27. Re6 Qf7
28. Rf6 Nxf6 29. Qxf5 Rf8 30. Nf4 Nxd5 31. Qxf7+ Rxf7 32. Nxd5 bxc4 33. Nf6+
Kg7 34. f4 1-0

[Event "BPB Limburg open"]
[Site "Maastricht"]
[Date "2015.05.23"]
[Round "3"]
[White "Ismail, Tamer"]
[Black "Weiler, Wolfgang"]
[Result "1/2-1/2"]
[WhiteElo "2093"]
[BlackElo "2121"]
[PlyCount "43"]
[EventDate "2015.05.22"]
[EventType "swiss"]
[EventRounds "7"]
[EventCountry "NED"]
[Source "P.Boonen"]
[SourceDate "2015.10.01"]

1. e4 g6 2. d4 Bg7 3. Nc3 c5 4. Nf3 cxd4 5. Nxd4 Nc6 6. Be3 Nf6 7. Bc4 O-O 8.
O-O Nxe4 9. Nxe4 d5 10. Nxc6 bxc6 11. Bd3 dxe4 12. Bxe4 Ba6 13. Re1 Bxb2 14.
Rb1 Bc3 15. Qxd8 Rfxd8 16. Red1 Bc4 17. Bxc6 Rxd1+ 18. Rxd1 Rc8 19. Bd5 Be2 20.
Rb1 Rd8 21. Bf3 Bxf3 22. gxf3 1/2-1/2

[Event "BPB Limburg open"]
[Site "Maastricht"]
[Date "2015.05.23"]
[Round "3"]
[White "Jacobs, Florian"]
[Black "Ypma, Peter"]
[Result "1-0"]
[WhiteElo "2177"]
[BlackElo "2260"]
[PlyCount "83"]
[EventDate "2015.05.22"]
[EventType "swiss"]
[EventRounds "7"]
[EventCountry "NED"]
[Source "P.Boonen"]
[SourceDate "2015.10.01"]

1. d4 d6 2. e4 c5 3. d5 Nf6 4. f3 g6 5. c4 b5 6. a4 bxc4 7. Ne2 Nbd7 8. Nec3
Ne5 9. Na3 Bg7 10. Nxc4 Nxc4 11. Bxc4 O-O 12. O-O Rb8 13. Qe2 e6 14. dxe6 Bxe6
15. Bxe6 fxe6 16. e5 dxe5 17. Rd1 Qb6 18. a5 Qc6 19. Bg5 e4 20. fxe4 Nd7 21.
Rf1 Ne5 22. Be3 a6 23. Rxf8+ Rxf8 24. Rf1 Rxf1+ 25. Kxf1 Qd6 26. Na4 c4 27. Nb6
Qd3 28. Qxd3 cxd3 29. b4 Ng4 30. Bg1 Be5 31. b5 axb5 32. a6 Bb8 33. Nd7 b4 34.
Nxb8 b3 35. Bd4 Ne3+ 36. Ke1 Nc2+ 37. Kd2 Nxd4 38. a7 b2 39. a8=Q Nb3+ 40. Kc3
b1=Q 41. Nd7+ Kg7 42. Qf8# 1-0

[Event "BPB Limburg open"]
[Site "Maastricht"]
[Date "2015.05.23"]
[Round "3"]
[White "Kokje, Joris"]
[Black "Nguyen, Kevin"]
[Result "1-0"]
[WhiteElo "1960"]
[BlackElo "2090"]
[PlyCount "75"]
[EventDate "2015.05.22"]
[EventType "swiss"]
[EventRounds "7"]
[EventCountry "NED"]
[Source "P.Boonen"]
[SourceDate "2015.10.01"]

1. d4 Nf6 2. c4 g6 3. Nc3 Bg7 4. e4 d6 5. f3 O-O 6. Be3 c6 7. Qd2 a6 8. Bd3
Nfd7 9. Nge2 c5 10. Bh6 Nc6 11. Bxg7 Kxg7 12. d5 Nce5 13. Nf4 Qa5 14. h4 Nxd3+
15. Qxd3 Ne5 16. Qe2 Qb4 17. h5 Qxc4 18. Qd2 g5 19. Nfe2 h6 20. O-O Qd3 21. Qc1
Nc4 22. b3 Qe3+ 23. Qxe3 Nxe3 24. Rfc1 f5 25. Kf2 f4 26. g3 Bd7 27. gxf4 gxf4
28. Rg1+ Kf7 29. Rg6 Nc2 30. Rag1 Nb4 31. Nxf4 Ke8 32. Ne6 Bxe6 33. dxe6 Nd3+
34. Ke3 Ne5 35. Rg8 b5 36. Nd5 Ra7 37. R1g7 Nc6 38. f4 1-0

[Event "BPB Limburg open"]
[Site "Maastricht"]
[Date "2015.05.23"]
[Round "3"]
[White "L'Ami, Alina"]
[Black "Vereggen, Lars"]
[Result "1/2-1/2"]
[WhiteElo "2381"]
[BlackElo "2299"]
[PlyCount "135"]
[EventDate "2015.05.22"]
[EventType "swiss"]
[EventRounds "7"]
[EventCountry "NED"]
[Source "P.Boonen"]
[SourceDate "2015.10.01"]

1. d4 Nf6 2. c4 e6 3. Nc3 Bb4 4. e3 O-O 5. Bd3 c5 6. Nf3 d5 7. O-O Nc6 8. cxd5
exd5 9. dxc5 Bxc3 10. bxc3 Qa5 11. Qb3 Re8 12. Ba3 Bg4 13. Nd4 Ne4 14. Bb4 Qd8
15. Qc2 Qg5 16. f4 Qe7 17. Rfe1 Rac8 18. Ba3 h6 19. h3 Bd7 20. Qb3 Rb8 21. Qxd5
Nxc3 22. Qc4 Ne4 23. Qc2 a6 24. Rad1 Kh8 25. Nf3 Rbd8 26. Bxe4 Qxe4 27. Qxe4
Rxe4 28. Bb2 Be6 29. Rxd8+ Nxd8 30. a3 Rc4 31. Rc1 Rxc1+ 32. Bxc1 Bd5 33. Ne5
f6 34. Ng6+ Kh7 35. Ne7 Be4 36. Bd2 Ne6 37. Bb4 a5 38. Bxa5 Nxc5 39. Bb4 Ne6
40. Nc8 Nc7 41. Nd6 Bc6 42. g4 Ne8 43. Nf5 Bd7 44. e4 g6 45. Ne3 Bc6 46. e5
fxe5 47. fxe5 Nc7 48. Nc4 Kg7 49. Nd6 Ne6 50. Kf2 h5 51. gxh5 gxh5 52. Nf5+ Kf7
53. Kg3 Ng5 54. Kh4 Nf3+ 55. Kxh5 Nxe5 56. Kg5 Bd7 57. Nd6+ Kg8 58. Kf6 Nf3 59.
Nf5 Kh7 60. Bd6 Ng1 61. h4 Nf3 62. h5 Nd2 63. Bb4 Nc4 64. Bf8 Be8 65. h6 Bd7
66. Nd4 Nd2 67. Ke7 Bg4 68. Kd8 1/2-1/2

[Event "BPB Limburg open"]
[Site "Maastricht"]
[Date "2015.05.23"]
[Round "3"]
[White "L'Ami, Erwin"]
[Black "Schoppen, Casper"]
[Result "1-0"]
[WhiteElo "2635"]
[BlackElo "2202"]
[PlyCount "95"]
[EventDate "2015.05.22"]
[EventType "swiss"]
[EventRounds "7"]
[EventCountry "NED"]
[Source "P.Boonen"]
[SourceDate "2015.10.01"]

1. d4 Nf6 2. c4 e6 3. Nf3 b6 4. g3 Ba6 5. Nbd2 Bb7 6. Bg2 c5 7. e4 cxd4 8. e5
Ng4 9. O-O Nc6 10. h3 Nh6 11. Ne4 Be7 12. Bf4 Qc7 13. Nxd4 Nxd4 14. Qxd4 Nf5
15. Qd3 Bc6 16. Rfe1 O-O 17. Rad1 Qb7 18. h4 Rad8 19. b3 h6 20. Bh3 d5 21. exd6
Bxe4 22. Qxe4 Qxe4 23. Rxe4 Bxd6 24. Bxf5 Bxf4 25. Rxd8 Rxd8 26. Rxf4 exf5 27.
Rxf5 Rd2 28. a4 Rd3 29. Rb5 Kf8 30. Kg2 g6 31. g4 Ke7 32. f3 Kd6 33. Kg3 Kc6
34. a5 bxa5 35. Rxa5 Kb6 36. Rb5+ Kc6 37. Kf4 a6 38. Rb8 a5 39. Rb5 Kd6 40. h5
gxh5 41. gxh5 Ke7 42. Ke4 Rc3 43. c5 Kf8 44. f4 Kg7 45. Ke5 Re3+ 46. Kd6 Rd3+
47. Kc7 Kf6 48. c6 1-0

[Event "BPB Limburg open"]
[Site "Maastricht"]
[Date "2015.05.23"]
[Round "3"]
[White "Lanchava, Tea"]
[Black "Noiroux, Kevin"]
[Result "1-0"]
[WhiteElo "2250"]
[BlackElo "2218"]
[PlyCount "99"]
[EventDate "2015.05.22"]
[EventType "swiss"]
[EventRounds "7"]
[EventCountry "NED"]
[Source "P.Boonen"]
[SourceDate "2015.10.01"]

1. Nf3 Nf6 2. d4 e6 3. e3 c5 4. Bd3 d5 5. b3 Bd6 6. Bb2 Nc6 7. O-O O-O 8. c4
dxc4 9. bxc4 b6 10. Nbd2 Bb7 11. Qe2 cxd4 12. exd4 Nb4 13. Bb1 Rc8 14. a3 Nc6
15. Qd3 g6 16. d5 exd5 17. cxd5 Nxd5 18. Ne4 Be7 19. Ba2 Ndb4 20. Qe3 Nxa2 21.
Qh6 f6 22. Neg5 Rf7 23. Nxf7 Qf8 24. Qxf8+ Bxf8 25. Rfd1 Na5 26. Nd6 Bxd6 27.
Rxd6 Nc4 28. Rd7 Bc6 29. Rxa7 Nxb2 30. Rxa2 Bd5 31. Ra1 Nd3 32. Rd7 Nf4 33. Rd1
g5 34. h3 Nxh3+ 35. gxh3 Bxf3 36. Rd8+ Kf7 37. Rxc8 Bxd1 38. Rb8 h5 39. Rxb6 g4
40. h4 Bc2 41. Ra6 Ke7 42. a4 Kd8 43. a5 g3 44. fxg3 f5 45. Kf2 Kc7 46. Ke3 Kb7
47. Rh6 Bd1 48. Kf4 Bg4 49. Rf6 Ka7 50. Rxf5 1-0

[Event "BPB Limburg open"]
[Site "Maastricht"]
[Date "2015.05.23"]
[Round "3"]
[White "Leenhouts, Koen"]
[Black "Stiefel, Roland"]
[Result "1-0"]
[WhiteElo "2401"]
[BlackElo "2019"]
[PlyCount "61"]
[EventDate "2015.05.22"]
[EventType "swiss"]
[EventRounds "7"]
[EventCountry "NED"]
[Source "P.Boonen"]
[SourceDate "2015.10.01"]

1. d4 c5 2. d5 d6 3. c4 g6 4. Nc3 Bg7 5. e4 e6 6. Nge2 exd5 7. cxd5 Ne7 8. h4
h5 9. Nf4 a6 10. a4 Nd7 11. Be2 Ne5 12. f3 b6 13. Be3 Rb8 14. O-O Qc7 15. Rc1
Qb7 16. Na2 Bd7 17. b4 Qc8 18. a5 c4 19. axb6 Bf6 20. Nd3 Nxd3 21. Bxd3 Bb5 22.
Rf2 cxd3 23. Rxc8+ Nxc8 24. Qc1 Nxb6 25. Qc7 Nd7 26. Nc3 Bd8 27. Qxd6 Bxh4 28.
Nxb5 Bxf2+ 29. Kxf2 Rxb5 30. Bg5 f6 31. Qe6+ 1-0

[Event "BPB Limburg open"]
[Site "Maastricht"]
[Date "2015.05.23"]
[Round "3"]
[White "Lenaerts, Lennert"]
[Black "Verhoef, Pieter"]
[Result "1-0"]
[WhiteElo "2203"]
[BlackElo "2027"]
[PlyCount "79"]
[EventDate "2015.05.22"]
[EventType "swiss"]
[EventRounds "7"]
[EventCountry "NED"]
[Source "P.Boonen"]
[SourceDate "2015.10.01"]

1. d4 Nf6 2. c4 e6 3. Nc3 Bb4 4. Qc2 Nc6 5. Nf3 d6 6. a3 Bxc3+ 7. Qxc3 a5 8. b3
Qe7 9. Bb2 O-O 10. g3 Re8 11. Bg2 e5 12. dxe5 dxe5 13. O-O Bf5 14. h3 Be4 15.
Rfd1 Nd4 16. Nxd4 exd4 17. Qxd4 Bxg2 18. Kxg2 Qxe2 19. Rd2 Qe4+ 20. Qxe4 Nxe4
21. Rd7 Rac8 22. Re1 Nf6 23. Rxe8+ Nxe8 24. Be5 h6 25. a4 b6 26. Kf3 g6 27. Ke4
Kf8 28. Kd5 c6+ 29. Ke4 Ng7 30. Bxg7+ Kxg7 31. Rb7 Re8+ 32. Kd3 Rd8+ 33. Ke2
Re8+ 34. Kf1 b5 35. cxb5 cxb5 36. Rxb5 Ra8 37. Ke2 Kf6 38. Kd3 Ke6 39. Kc4 Ra7
40. Kc5 1-0

[Event "BPB Limburg open"]
[Site "Maastricht"]
[Date "2015.05.23"]
[Round "3"]
[White "Lombaers, Peter"]
[Black "Johannessen, Leif Erlend"]
[Result "0-1"]
[WhiteElo "2371"]
[BlackElo "2515"]
[PlyCount "110"]
[EventDate "2015.05.22"]
[EventType "swiss"]
[EventRounds "7"]
[EventCountry "NED"]
[Source "P.Boonen"]
[SourceDate "2015.10.01"]

1. e4 e5 2. Nf3 Nc6 3. Bb5 a6 4. Ba4 Nge7 5. d3 g6 6. Nbd2 Bg7 7. c3 O-O 8. O-O
h6 9. Re1 d6 10. Nf1 f5 11. Bb3+ Kh7 12. exf5 Nxf5 13. a4 Qf6 14. Qe2 Be6 15.
Bxe6 Qxe6 16. a5 Rad8 17. Ra4 Qd7 18. Qc2 d5 19. Ne3 Nxe3 20. Bxe3 d4 21. Bd2
dxc3 22. Bxc3 Nd4 23. Bxd4 exd4 24. Raa1 c6 25. Qd2 Qd5 26. Qb4 Qf7 27. h3 Qd7
28. Nd2 Bf6 29. Ne4 Be7 30. Qc4 Rf5 31. Re2 Rdf8 32. Qa2 Bb4 33. Qb3 Rb5 34.
Qc4 Rff5 35. Ra4 Be7 36. Qxd4 Rbd5 37. Qc4 Rxd3 38. Ng3 Rfd5 39. Qe4 Bf6 40.
Qf4 Rd1+ 41. Kh2 Kg7 42. Rae4 R1d4 43. b4 Qd6 44. Qxd6 Rxd6 45. f4 Rxe4 46.
Rxe4 h5 47. Ne2 Kf7 48. Kg3 Rd3+ 49. Kf2 Rb3 50. Nc1 Rc3 51. Ne2 Ra3 52. Nd4
Ra2+ 53. Kf3 Rb2 54. Ne6 Rb3+ 55. Kf2 Be7 0-1

[Event "BPB Limburg open"]
[Site "Maastricht"]
[Date "2015.05.23"]
[Round "3"]
[White "Mengerink, Ynze"]
[Black "Martens, Martin"]
[Result "0-1"]
[WhiteElo "2146"]
[BlackElo "2417"]
[PlyCount "110"]
[EventDate "2015.05.22"]
[EventType "swiss"]
[EventRounds "7"]
[EventCountry "NED"]
[Source "P.Boonen"]
[SourceDate "2015.10.01"]

1. d4 Nf6 2. Nf3 e6 3. e3 b6 4. Bd3 c5 5. Nbd2 cxd4 6. exd4 Bb7 7. O-O Be7 8.
c3 O-O 9. Re1 d6 10. Qe2 Re8 11. Nf1 Nbd7 12. Bg5 Qc7 13. Rad1 Bf8 14. Qc2 g6
15. N1d2 Rac8 16. h3 Bg7 17. a3 Qb8 18. Bf4 a6 19. Ne4 Bf8 20. Nfd2 Nd5 21. Bg3
b5 22. Qb1 N5b6 23. Nb3 e5 24. dxe5 dxe5 25. Bf1 Bd5 26. Nc1 Qb7 27. f3 f5 28.
Nd2 Bg7 29. Ndb3 Kh8 30. f4 Be4 31. Qa2 Nc4 32. fxe5 Ndxe5 33. Nd4 Qb6 34. Bf2
Qf6 35. a4 bxa4 36. Nd3 Nxd3 37. Bxd3 Bxd3 38. Rxe8+ Rxe8 39. Rxd3 Rc8 40. Nf3
Qc6 41. Bd4 Qb5 42. Bxg7+ Kxg7 43. Rd4 Rc7 44. Kh1 Qb3 45. Qa1 Qxb2 46. Qxa4
Ne3 47. Rd7+ Rxd7 48. Qxd7+ Kh6 49. Nh4 Qxc3 50. Qd8 f4 51. Nf3 Qa1+ 52. Ng1
Qe5 53. Nf3 Qf5 54. Qh4+ Kg7 55. Qe7+ Qf7 0-1

[Event "BPB Limburg open"]
[Site "Maastricht"]
[Date "2015.05.23"]
[Round "3"]
[White "Mueller, Martin2"]
[Black "Warmerdam, Max"]
[Result "0-1"]
[WhiteElo "2079"]
[BlackElo "2278"]
[PlyCount "114"]
[EventDate "2015.05.22"]
[EventType "swiss"]
[EventRounds "7"]
[EventCountry "NED"]
[Source "P.Boonen"]
[SourceDate "2015.10.01"]

1. d4 Nf6 2. e3 g6 3. c3 Bg7 4. f4 d6 5. Nf3 O-O 6. Bc4 c5 7. dxc5 dxc5 8. Qxd8
Rxd8 9. Nbd2 Nc6 10. O-O Na5 11. Be2 Nd5 12. Kf2 b6 13. Re1 Bb7 14. Nf1 Nc6 15.
Rd1 e5 16. Ng3 a6 17. f5 Nf6 18. fxg6 hxg6 19. Rxd8+ Rxd8 20. e4 Re8 21. Bg5
Nd7 22. Rd1 Nf8 23. a4 f6 24. Bc4+ Kh7 25. Be3 Rd8 26. Rxd8 Nxd8 27. b4 Nfe6
28. Nd2 Bf8 29. b5 axb5 30. Bxb5 Bd6 31. Nc4 Bc7 32. Bc1 Nf4 33. Ne3 Nde6 34.
Ng4 Kg7 35. Kf1 Ng5 36. Nf2 Nf7 37. Be3 Nd6 38. c4 Nxb5 39. axb5 Bc8 40. Nd1
Be6 41. Nb2 f5 42. Kf2 Kf6 43. Bd2 Bf7 44. exf5 gxf5 45. Bc3 Ne6 46. Nf1 Nd4
47. Ne3 f4 48. Nf1 e4 49. g3 e3+ 50. Ke1 Be5 51. Na4 Nc2+ 52. Kd1 f3 53. Bxe5+
Kxe5 54. Kxc2 e2 55. Nd2 Bg6+ 56. Kb2 f2 57. Nc3 f1=Q 0-1

[Event "BPB Limburg open"]
[Site "Maastricht"]
[Date "2015.05.23"]
[Round "3"]
[White "Muhren, Bianca"]
[Black "Merx, Bob"]
[Result "1-0"]
[WhiteElo "2345"]
[BlackElo "2099"]
[PlyCount "33"]
[EventDate "2015.05.22"]
[EventType "swiss"]
[EventRounds "7"]
[EventCountry "NED"]
[Source "P.Boonen"]
[SourceDate "2015.10.01"]

1. e4 e5 2. Nf3 Nc6 3. Nc3 Nf6 4. Bb5 Bb4 5. O-O O-O 6. d3 Bxc3 7. bxc3 d6 8.
Re1 Qe7 9. d4 Nd8 10. a4 c5 11. h3 Kh8 12. Ba3 Qc7 13. Qd2 Ne6 14. Bf1 Bd7 15.
Bb2 Rad8 16. g3 Bc8 17. d5 1-0

[Event "BPB Limburg open"]
[Site "Maastricht"]
[Date "2015.05.23"]
[Round "3"]
[White "Nauts, Patrick"]
[Black "Decoster, Frederic"]
[Result "0-1"]
[WhiteElo "2022"]
[BlackElo "2303"]
[PlyCount "112"]
[EventDate "2015.05.22"]
[EventType "swiss"]
[EventRounds "7"]
[EventCountry "NED"]
[Source "P.Boonen"]
[SourceDate "2015.10.01"]

1. e4 c5 2. Nf3 Nc6 3. Bb5 Nf6 4. e5 Nd5 5. O-O Nc7 6. Bxc6 dxc6 7. h3 Bf5 8.
Nc3 h6 9. d3 e6 10. Re1 Nb5 11. Bd2 Nd4 12. b3 Be7 13. a4 h5 14. Ne4 h4 15.
Nxd4 cxd4 16. f4 Qd5 17. b4 O-O-O 18. Ng5 Rdf8 19. Qf3 Qd7 20. b5 c5 21. Qe2
Kb8 22. Rab1 Bg6 23. a5 Rc8 24. a6 b6 25. Rf1 Qd5 26. Qf3 Rhd8 27. Qxd5 Rxd5
28. f5 Bxg5 29. Bxg5 Bxf5 30. Bxh4 c4 31. Rb2 cxd3 32. cxd3 Rc3 33. g4 Bg6 34.
Rd2 Kc8 35. Rf4 Kd7 36. Bf2 Rb3 37. Rxd4 Rxd4 38. Bxd4 Rxb5 39. Bb2 Ra5 40. d4
Be4 41. Kf2 Rxa6 42. Ke3 Bd5 43. h4 Ke7 44. h5 b5 45. Rc2 Bc4 46. g5 Kf8 47.
Rf2 Rb6 48. h6 Kg8 49. h7+ Kxh7 50. Rxf7 Ra6 51. Rd7 Ra2 52. Bc3 a5 53. d5 Bxd5
54. Rxd5 exd5 55. e6 Ra3 56. Kd2 Rxc3 0-1

[Event "BPB Limburg open"]
[Site "Maastricht"]
[Date "2015.05.23"]
[Round "3"]
[White "Overeem, Marc"]
[Black "Hoynck van Papendrecht, Frans"]
[Result "1-0"]
[WhiteElo "2194"]
[BlackElo "2091"]
[PlyCount "115"]
[EventDate "2015.05.22"]
[EventType "swiss"]
[EventRounds "7"]
[EventCountry "NED"]
[Source "P.Boonen"]
[SourceDate "2015.10.01"]

1. c4 e6 2. Nc3 f5 3. g3 Nf6 4. Bg2 Be7 5. Nf3 O-O 6. O-O d6 7. d4 a5 8. b3 Ne4
9. Bb2 Nxc3 10. Bxc3 Qe8 11. a4 c6 12. Qd2 Bd8 13. Rfe1 Qh5 14. c5 d5 15. Ne5
Nd7 16. Nd3 Nf6 17. f3 g5 18. e4 g4 19. Nf4 Qg5 20. exd5 gxf3 21. Bxf3 exd5 22.
Ne6 Qxd2 23. Bxd2 Bxe6 24. Rxe6 Ne4 25. Bh6 Bf6 26. Rd1 Rfe8 27. Rxe8+ Rxe8 28.
Kf1 Ng5 29. Bxg5 Bxg5 30. Rd3 Kg7 31. Kf2 Kf6 32. Bd1 Bc1 33. Bc2 Bb2 34. Kf1
Re4 35. Rf3 Bxd4 36. Bxe4 dxe4 37. Rf4 Be3 38. Rh4 Kg6 39. g4 Kg5 40. Rxh7 Kxg4
41. b4 Bd2 42. b5 e3 43. Ke2 f4 44. Rg7+ Kf5 45. Rxb7 cxb5 46. c6 Ke6 47. axb5
Bb4 48. b6 Kd5 49. Rf7 Kxc6 50. b7 Bd6 51. Rf6 Kxb7 52. Rxd6 a4 53. Rd4 a3 54.
Ra4 Kc6 55. Rxa3 Kd5 56. Ra4 Ke5 57. Kf3 Kf5 58. Rxf4+ 1-0

[Event "BPB Limburg open"]
[Site "Maastricht"]
[Date "2015.05.23"]
[Round "3"]
[White "Ritsema, Ronald"]
[Black "Henrich, Thomas"]
[Result "0-1"]
[WhiteElo "2012"]
[BlackElo "2208"]
[PlyCount "46"]
[EventDate "2015.05.22"]
[EventType "swiss"]
[EventRounds "7"]
[EventCountry "NED"]
[Source "P.Boonen"]
[SourceDate "2015.10.01"]

1. d4 Nf6 2. c4 e6 3. g3 c5 4. Nf3 cxd4 5. Nxd4 Nc6 6. Bg2 Qb6 7. Nc2 d5 8.
cxd5 exd5 9. O-O Be6 10. b3 Rd8 11. e3 Be7 12. Bb2 O-O 13. Nd4 Bg4 14. Bf3 Bh3
15. Bg2 Bxg2 16. Kxg2 Ne4 17. Qe2 Bf6 18. Rd1 Rfe8 19. Nxc6 Qxc6 20. Bd4 Bxd4
21. Rxd4 Qf6 22. Na3 Nxg3 23. Qf3 Nf5 0-1

[Event "BPB Limburg open"]
[Site "Maastricht"]
[Date "2015.05.23"]
[Round "3"]
[White "Roos, Adrian"]
[Black "Van den Berg, Bram"]
[Result "1/2-1/2"]
[WhiteElo "2229"]
[BlackElo "2199"]
[PlyCount "41"]
[EventDate "2015.05.22"]
[EventType "swiss"]
[EventRounds "7"]
[EventCountry "NED"]
[Source "P.Boonen"]
[SourceDate "2015.10.01"]

1. d4 Nf6 2. c4 e5 3. dxe5 Ne4 4. Nd2 Nc5 5. e3 Nc6 6. Ngf3 b6 7. Be2 Bb7 8. a3
a5 9. b3 g6 10. Bb2 Bg7 11. Qc2 Qe7 12. O-O O-O 13. Rad1 Nxe5 14. Nxe5 Bxe5 15.
Bxe5 Qxe5 16. Bf3 Bxf3 17. Nxf3 Qe7 18. Qb2 d6 19. Rd5 Ne6 20. Rfd1 Rfd8 21. h3
{.....} 1/2-1/2

[Event "BPB Limburg open"]
[Site "Maastricht"]
[Date "2015.05.23"]
[Round "3"]
[White "Schiffers, Sascha"]
[Black "Fedorchuk, Sergey A"]
[Result "0-1"]
[WhiteElo "2103"]
[BlackElo "2657"]
[PlyCount "52"]
[EventDate "2015.05.22"]
[EventType "swiss"]
[EventRounds "7"]
[EventCountry "NED"]
[Source "P.Boonen"]
[SourceDate "2015.10.01"]

1. e4 e5 2. Nf3 Nc6 3. d4 exd4 4. Bc4 Bc5 5. c3 Nf6 6. cxd4 Bb4+ 7. Nc3 Nxe4 8.
O-O Bxc3 9. d5 Bf6 10. Re1 Ne7 11. Rxe4 d6 12. Bg5 Bxg5 13. Nxg5 h6 14. Qh5 O-O
15. Rae1 Nf5 16. Nf3 g6 17. Qh3 h5 18. Bd3 Qf6 19. Rf4 Qxb2 20. Bxf5 Bxf5 21.
Qg3 Rae8 22. Rxe8 Rxe8 23. h3 Be4 24. Nh4 Bxd5 25. Qg5 Qa1+ 26. Kh2 Qe5 0-1